000 00877nam a2200229 i 4500
001 175255
003 ES-MaACL
005 20250806062543.0
007 t|
008 101018s1970 sp f ||||1| spa d
080 _a725.94(460.27 M.)
100 1 _aSoroa y Pineda, Antonio de.
_9107413
245 1 0 _aEstatuas ecuestres en Madrid /
_cpor Antonio de Soroa y Pineda.
260 _aMadrid :
_bAyuntamiento de Madrid, Delegación de Educación :
_bInstituto de Estudios Madrileños,
_c1970.
300 _a48 p. , [15] h. de lám. ;
_c22 cm.
490 1 _aCiclo de conferencias sobre monumentos madrileños ;
_v3
650 1 4 _aMonumentos-
_zMadrid
_915181
710 2 _aInstituto de Estudios Madrileños
_94916
830 0 _aCiclo de conferencias sobre monumentos madrileños ;
_v3
_9189598
852 _aES-MaACL
_j2258-F-3
_xOlim P-53
999 _c175255
_d175255